Report of chief of Bureau of Chemistry and Soils.

Bibliographic Details
Corporate Author: United States. Bureau of Chemistry and Soils
Format: Government Document eBook
Language:English
Published: [Washington] : GPO, 1930-1931.
Subjects:
Online Access:Connect to the full text of this electronic document

MARC

Tag First Indicator Second Indicator Subfields
LEADER 00000cam a22000001a 4500
001 in00003792921
005 20190408185251.0
006 m o d f
007 cr bn mmmapmmp
008 141211m19301931dcu o f000 0 eng d
035 |a ebd1910516998 
040 |a UMI  |c UMI  |d UtOrBLW 
086 0 |a A 47.1:931 
099 |a A47.1-4 
110 1 |a United States.  |b Bureau of Chemistry and Soils.  |0 http://id.loc.gov/authorities/names/n80145307 
245 1 0 |a Report of chief of Bureau of Chemistry and Soils. 
264 1 |a [Washington] :  |b GPO,  |c 1930-1931. 
300 |a 1 online resource (78 pages) 
336 |a text  |b txt  |2 rdacontent 
337 |a computer  |b c  |2 rdamedia 
338 |a online resource  |b cr  |2 rdacarrier 
500 |a Annual report on activities of Bureau of Chemistry and Soils. Reports cover Bureau research on land use, food and crop chemistry, soil microbiology, fertility, erosion, dust explosions and fire prevention, insecticides, fertilizer resource development, and utilization of various agricultural commodities and farm by-products. 
533 |a Electronic reproduction.  |b [Bethesda, Md.] :  |c ProQuest,  |d 2014.  |e digital, PDF file.  |n ProQuest U.S. Executive Branch Documents  |n Mode of access: World Wide Web via ProQuest website. 
588 |a Record is based on online resource; title from PDF title page (ProQuest, last viewed Dec. 2014). Reuse except for individual research requires license from ProQuest, LLC. 
500 |a Electronic resource. 
650 0 |a Counties.  |0 http://id.loc.gov/authorities/subjects/sh2004003388 
650 0 |a Fertilizers.  |0 http://id.loc.gov/authorities/subjects/sh85047919 
650 0 |a Food industry and trade.  |0 http://id.loc.gov/authorities/subjects/sh85050282 
650 0 |a Soil conservation.  |0 http://id.loc.gov/authorities/subjects/sh85124329 
655 7 |a Electronic books.  |2 local 
856 4 0 |u http://proxy.library.tamu.edu/login?url=http://congressional.proquest.com/congressional/docview/t66.d71.a47.1-4  |z Connect to the full text of this electronic document  |t 0 
999 f f |s 450a3178-1d0f-3eb2-b2e4-9ac08894b7da  |i 5f3b2da5-749a-357f-b27d-79233853c159  |t 0 
952 f f |a Texas A&M University  |b College Station  |c Electronic Resources  |d Available Online  |t 0  |h No information provided 
998 f f |t 0  |l Available Online